Statistics for Es-tu vraient fan de Pretty little liars ? ( SPOIL !! )

Click here to take the quiz!

General Stats

  • This quiz has been taken 27 times
  • The average score is 12 of 15

Answer Stats

IndicesReponses% Correct
Le frère d'AriaMike
96%
La fille aveugleJenna
92%
La 1ere copine d'EmilyMaya
92%
Le fiancé de Melissa qui meurt à la fin de la saison 1Ian
88%
Le nom de famille de CalebRivers
83%
La ville où tout se passeRosewood
83%
La personne qui a détruit le mémorial d'AlisonLucas
79%
L'hôpitale psychatrique changé en hôtelRadley
79%
A.D ( saison 7 )Alex Drake
75%
La profession de Veronica Hastings Avocate
75%
Le fiancé d'Alison ( saison 7 )Elliot / Archer
71%
La belle-mère d'HannaIsabel
67%
La mère biologique de SpencerMary Drake
67%
Le cousin de MayaNate
67%
Le spin-off de la saison 4 ( dont Caleb est le personnage principal )Ravenswood
67%

Score Distribution

Percentile by Number Answered

Percent of People with Each Score

Your Score History

You have not taken this quiz